Регионална библиотека "Любен Каравелов" - Русе

Махабхарата | Рамаяна (Запис номер 44366)

MARC детайли
000 -Лидер
Контролно поле с фиксирана дължина 01445nam a2200349 c 4500
003 - Код на организацията, давaща контролен номер
Контролно поле BLK
005 - Дата и час на последна редакция
Контролно поле 20240303003953.0
008 - Елементи от данни с фиксирана дължина
fixed length control field 180408b bul|||||r ||||||| ||bul||
010 ## - Наследен системен номер
LC control number KNG00048133000
040 ## - Източник на каталожния запис
Идентификатор на билиотеката - собственик на записа BLK
041 ## - Код за език
Код за езика на текст/звукозапис или на отделно заглавие Български
Код за езика КДБФ Български
080 ## - УДК
Текстов определител УДК Ведическа литература и литература на санскрит
УДК код - определител по УДК 821.211
УДК определител -1
УДК - код + определител 821.211-1
080 ## - УДК
Текстов определител УДК Индийска литература
УДК код - определител по УДК 821.21
УДК определител -1
УДК - код + определител 821.21-1
139 ## - Редно поле
Редна дума Махабхарата
Авторски знак Мах - М 41
245 10 - Сведения за заглавието
Заглавие Махабхарата
Редно поле (дума) подб. и прев. Сати Кумар; прев. в стихове Марко Ганчев
245 10 - Сведения за заглавието
Заглавие Рамаяна
Подзаглавни данни Инд. нац. епопеи
250 ## - Област на изданието
Сведения за изданието 2. изд.
257 ## - Страна на издаване
Страна на създаване/издаване Индия
260 ## - Област на издателските данни
Място на издаване, разпространение и проч. София
Име на издателя, разпространителя и проч. Нар. култура
Година на издаване 1981
300 ## - Физическа характеристика
Страници 480 с.
Размери/Мащаб 20 см
380 ## - Жанр
Жанр Худож. лит.
500 ## - Общи забележки
Забележка Ориг. загл. на инд. ез. - 1. изд. 1972.
700 1# - Други автори (авторска отговорност)
Лично име Кумар, Сати
Автороска отговорност (Описва отношението между автора и произведението) подб. и прев.
9 (RLIN) 279360
700 ## - Други автори (авторска отговорност)
Лично име Ганчев, Марко
Друга информация Писател и поет, сатирик, преводач от немски и белоруски
Дати, свързани с автора 1932-
Пълна форма на името Маринов, Марко Ганчев
Автороска отговорност (Описва отношението между автора и произведението) прев. в стихове
9 (RLIN) 267403
852 ## - Местоположение
Форматна сигнатура Цб 106954
856 4# - Електронен адрес и достъп
Електронен формат pdf - файл
856 4# - Електронен адрес и достъп
Електронен формат pdf - файл
999 ## - СИСТЕМНИ КОНТРОЛНИ НОМЕРА
Koha biblionumber 44366
Koha biblioitemnumber 44366
942 ## - АРТИКУЛИ
Вид на библиотечния материал Книги
Скрит в OPAC Не
Периодичен библиозапис Да
944 ## - СЪЗДАВАНЕ И РЕДАКЦИЯ на ЗАПИСА
Създаване/Редакция Създаване
Дата на регистрацията/редакция 09.02.2005
Служител, извършил регистрацията/редакцията
Статус, дата на статуса CRON CRON
944 ## - СЪЗДАВАНЕ И РЕДАКЦИЯ на ЗАПИСА
Създаване/Редакция Редакция
Дата на регистрацията/редакция 27.10.2017
Служител, извършил регистрацията/редакцията Виолета_Тройчева
999 ## - СИСТЕМНИ КОНТРОЛНИ НОМЕРА
Koha biblioitemnumber 44366
Наличности
Код за отписване Код за изгубен артикул Източник на класификационната схема Код за повреда Коз за рестрикции Код за отдаване Артикулен № Име на библиотеката - собственик Име на библиотеката, в която се намира в момента Статус (Текущо местоположение) Дата на вписване в системата Местоположение - отдел Цена в лева Инвентарен номер Систематично азбучна сигнатура Баркод Номер на екземпляра Цена в евро Служебна бележка Служебен тип на артикула
Изтеглен Не е изгубен Universal Decimal Classification Не е повреден без рестрикции заемане за дома 69849 Регионална библиотека "Любен Каравелов" Русе Регионална библиотека "Любен Каравелов" Русе Заемна - подръчен фонд 2005-02-09 Заемна - подръчен фонд 4.20 120000691659 П 89-1/М 41 120000691659 1 2.15 Дост: DA Вид: А N: 3 Дата: 07.02.2005 Книги
  Не е изгубен Universal Decimal Classification Не е повреден без рестрикции ползва се в читалня 69850 Регионална библиотека "Любен Каравелов" Русе Регионална библиотека "Любен Каравелов" Русе Хранилище 1981-01-01 Хранилище 4.17 319144 Цб 106954 120000319144 2 2.13 Дост: Dp Вид: Д N: стар фонд Дата: 01.01.1981 Книги
Изтеглен Не е изгубен Universal Decimal Classification Не е повреден без рестрикции заемане за дома 69851 Регионална библиотека "Любен Каравелов" Русе Регионална библиотека "Любен Каравелов" Русе Заемна - подръчен фонд 1981-01-01 Заемна - подръчен фонд 4.17 320457 П 89-1/М 41 320457 3 2.13 Дост: Pk Вид: Ф N: стар фонд Дата: 01.01.1981 Книги
Vip Innovations Ltd, Rousse, Bulgaria 2025